00364nam a2200145Ia 4500003000400000005001700004008004100021040001800062041000800080100004200088110001400130245002900144260002000173710002500193OSt20260306095406.0211028s2008 xx 000 0 und d cAIMIT LIBRARY aeng aShenoy B; Smitha; Pavithra.g50971290 aPavithra. aBook housing executive / aMangalorec2008 aSPM Infotech Pvt Ltd